[Event "Baden Wuerttemberg-chT U12"]
[Site "Burg Ortenberg"]
[Date "2018.06.24"]
[Round "5.3"]
[White "Storz, Leonard"]
[Black "Andrei, Quentin"]
[Result "1/2-1/2"]
[WhiteElo "1061"]
[BlackElo "1131"]
[PlyCount "63"]
[EventDate "2018.06.23"]
[EventType "team-tourn"]
[EventRounds "5"]
[EventCountry "GER"]
[SourceTitle "EXT 2019"]
[Source "ChessBase"]
[SourceDate "2018.10.10"]
[SourceVersion "1"]
[SourceVersionDate "2018.10.10"]
[SourceQuality "1"]
[WhiteTeam "Walldorf U12"]
[BlackTeam "Bebenhausen U12"]
[WhiteTeamCountry "GER"]
[BlackTeamCountry "GER"]

1. e4 e6 2. d4 d5 3. exd5 exd5 4. Nc3 c6 5. Bf4 Nf6 6. Nf3 Be6 7. Be2 Nbd7 8. 0-0 h6 9. Re1 Nh5 10. Be3 Bd6 11. Qd2 Qc7 12. g3 Bh3 13. Nh4 Nhf6 14. Bf3 0-0-0 15. Bg2 Bxg2 16. Nxg2 Rde8 17. Bf4 Bxf4 18. Qxf4 Qxf4 19. Nxf4 Nb6 20. Re2 Rxe2 21. Ncxe2 Re8 22. Kf1 Nc4 23. b3 Nd2+ 24. Kg2 g5 25. Rd1 gxf4 26. Rxd2 fxg3 27. hxg3 Ne4 28. Rd3 Ng5 29. Nf4 Kc7 30. f3 b5 31. g4 Kb6 32. Rd2 1/2-1/2

[Event "Baden Wuerttemberg-chT U12"]
[Site "Burg Ortenberg"]
[Date "2018.06.23"]
[Round "1.3"]
[White "Zimanovic, Leon Daniel"]
[Black "Storz, Leonard"]
[Result "1-0"]
[WhiteElo "1165"]
[BlackElo "1061"]
[PlyCount "57"]
[EventDate "2018.06.23"]
[EventType "team-tourn"]
[EventRounds "5"]
[EventCountry "GER"]
[SourceTitle "EXT 2019"]
[Source "ChessBase"]
[SourceDate "2018.10.10"]
[SourceVersion "1"]
[SourceVersionDate "2018.10.10"]
[SourceQuality "1"]
[WhiteTeam "Ostfildern U12"]
[BlackTeam "Walldorf U12"]
[WhiteTeamCountry "GER"]
[BlackTeamCountry "GER"]

1. e4 e5 2. Nf3 Nc6 3. Bc4 Bc5 4. d3 d6 5. Ng5 Nh6 6. Qf3 Qe7 7. Nc3 Nd4 8. Qd1 Be6 9. Nd5 Bxd5 10. exd5 0-0 11. c3 Ndf5 12. Qh5 Qf6 13. Ne4 Qe7 14. g4 g6 15. Qh3 Nxg4 16. Qxg4 Bb6 17. Bg5 f6 18. Bh4 Kg7 19. Rg1 Nxh4 20. Qxh4 Rf7 21. a4 a6 22. Rg3 f5 23. Ng5 Rff8 24. Ne6+ Kf7 25. Qxh7+ Ke8 26. Qxg6+ Kd7 27. Nxf8+ Rxf8 28. Qe6+ Qxe6 29. dxe6+ 1-0